000 00477nam a2200169Ia 4500
999 _c2749
_d2749
003 OSt
005 20201125115726.0
008 190216s9999||||xx |||||||||||||| ||und||
040 _coclc
082 _a540
_bGOP/C
100 _aGopalakrishnan, K
_94189
245 0 _aCompanion To Basic Chemistry /
_cK A Gopalakrishnan
260 _bSulthan Chand&Sons,
_aNew Delhi:
300 _a142p
650 _aChemistry
942 _cBK
_2ddc
_h540
_iGOP/C
_k540
_mGOP/C